Permant Magnet Motor Technology (Record no. 29236)

MARC details
000 -LEADER
fixed length control field 00348nam a22001457a 4500
003 - CONTROL NUMBER IDENTIFIER
control field OSt
005 - DATE AND TIME OF LATEST TRANSACTION
control field 20220204095615.0
008 - FIXED-LENGTH DATA ELEMENTS--GENERAL INFORMATION
fixed length control field 220204b |||||||| |||| 00| 0 eng d
020 ## - INTERNATIONAL STANDARD BOOK NUMBER
International Standard Book Number 9781420064407
040 ## - CATALOGING SOURCE
Transcribing agency H U
082 ## - DEWEY DECIMAL CLASSIFICATION NUMBER
Edition number 3rd
Classification number 621.46
100 ## - MAIN ENTRY--PERSONAL NAME
Personal name Gieras Jacek F.
9 (RLIN) 29705
245 ## - TITLE STATEMENT
Title Permant Magnet Motor Technology
942 ## - ADDED ENTRY ELEMENTS (KOHA)
Source of classification or shelving scheme Dewey Decimal Classification
Koha item type Books like text book referance book
Suppress in OPAC No
Holdings
Withdrawn status Lost status Source of classification or shelving scheme Damaged status Not for loan Home library Current library Shelving location Date acquired Total Checkouts Full call number Barcode Date last seen Copy number Price effective from Koha item type
    Dewey Decimal Classification     IoT Library IoT Library General Stacks 02/04/2022   621.46/GIE/2010 IOTL0010229 02/04/2022 1 02/04/2022 Books like text book referance book
    Dewey Decimal Classification     IoT Library IoT Library General Stacks 02/04/2022   621.46/GIE/2010 IOTL0010230 02/04/2022 2 02/04/2022 Books like text book referance book
    Dewey Decimal Classification     IoT Library IoT Library General Stacks 02/04/2022   621.46/GIE/2010 IOTL0010231 02/04/2022 3 02/04/2022 Books like text book referance book
    Dewey Decimal Classification     IoT Library IoT Library General Stacks 02/04/2022   621.46/GIE/2010 IOTL0010232 02/04/2022 4 02/04/2022 Books like text book referance book
    Dewey Decimal Classification     IoT Library IoT Library General Stacks 02/04/2022   621.46/GIE/2010 IOTL0010233 02/04/2022 5 02/04/2022 Books like text book referance book
    Dewey Decimal Classification     IoT Library IoT Library General Stacks 02/04/2022   621.46/GIE/2010 IOTL0010234 02/04/2022 6 02/04/2022 Books like text book referance book
    Dewey Decimal Classification     IoT Library IoT Library General Stacks 02/04/2022   621.46/GIE/2010 IOTL0010235 02/04/2022 7 02/04/2022 Books like text book referance book
    Dewey Decimal Classification     IoT Library IoT Library General Stacks 02/04/2022   621.46/GIE/2010 IOTL0010236 02/04/2022 8 02/04/2022 Books like text book referance book
    Dewey Decimal Classification     IoT Library IoT Library General Stacks 02/04/2022   621.46/GIE/2010 IOTL0010237 02/04/2022 9 02/04/2022 Books like text book referance book
    Dewey Decimal Classification     IoT Library IoT Library General Stacks 02/04/2022   621.46/GIE/2010 IOTL0010238 02/04/2022 10 02/04/2022 Books like text book referance book